Rátkai Sándor papucsos társadalmi-állampolgári kuratóriumi díj /

Elmentve itt :
Bibliográfiai részletek
Szerzők: Sulyok Erzsébet
Rátkai Sándor
Dokumentumtípus: Cikk
Megjelent: 2001-03-17
Sorozat:Délmagyarország 91 No. 64
Kulcsszavak:Rátkai Sándor, Szeged, Kitüntetés Szegedért Alapítvány 2001, Kézműipar papucsos Szeged, Népi iparművészet Szeged
Online Access:http://dmarchiv.bibl.u-szeged.hu/132340
LEADER 00644nab a2200169 i 4500
001 delm132340
005 20191104101759.0
008 191104s2001 hu o 0|| hun d
040 |a SZTE Délmagyarország Archívum  |b hun 
041 |a hun 
100 1 |a Sulyok Erzsébet 
245 1 0 |a Rátkai Sándor papucsos   |h [elektronikus dokumentum] :  |b társadalmi-állampolgári kuratóriumi díj /  |c  Sulyok Erzsébet 
260 |c 2001-03-17 
300 |a 6 
490 0 |a Délmagyarország  |v 91 No. 64 
695 |a Rátkai Sándor, Szeged, Kitüntetés Szegedért Alapítvány 2001, Kézműipar papucsos Szeged, Népi iparművészet Szeged 
700 0 1 |a Rátkai Sándor  |e aut